The ship aground : (Record no. 11516)
[ view plain ]
| 000 -LEADER | |
|---|---|
| fixed length control field | 00656nam a2200217 a 4500 |
| 003 - CONTROL NUMBER IDENTIFIER | |
| control field | BD-JhCC |
| 005 - DATE AND TIME OF LATEST TRANSACTION | |
| control field | 20191024094029.0 |
| 008 - FIXED-LENGTH DATA ELEMENTS--GENERAL INFORMATION | |
| fixed length control field | 170204s1958 enk j 000 1 eng d |
| 035 ## - SYSTEM CONTROL NUMBER | |
| System control number | (BD-JhCC) |
| 040 ## - CATALOGING SOURCE | |
| Original cataloging agency | EQO |
| Transcribing agency | EQO |
| Modifying agency | BD-JhCC |
| 082 ## - DEWEY DECIMAL CLASSIFICATION NUMBER | |
| Classification number | 823.912 |
| Item number | SMI 1958 |
| 100 1# - MAIN ENTRY--PERSONAL NAME | |
| Personal name | Smith, C. Fox |
| Fuller form of name | (Cicely Fox), |
| Dates associated with a name | 1882-1954. |
| 245 14 - TITLE STATEMENT | |
| Title | The ship aground : |
| Remainder of title | a tale of adventure / |
| Statement of responsibility, etc. | C. Fox Smith Illustrated by C. Walter Hodges |
| 260 ## - PUBLICATION, DISTRIBUTION, ETC. | |
| Place of publication, distribution, etc. | London : |
| Date of publication, distribution, etc. | 1958. |
| Name of publisher, distributor, etc. | Oxford University press, |
| 300 ## - PHYSICAL DESCRIPTION | |
| Extent | 221 p. : |
| Size of unit | 19 cm. |
| 610 ## - SUBJECT ADDED ENTRY--CORPORATE NAME | |
| Source of heading or term | Sea stories |
| 610 ## - SUBJECT ADDED ENTRY--CORPORATE NAME | |
| Source of heading or term | Adventure stories |
| 650 ## - SUBJECT ADDED ENTRY--TOPICAL TERM | |
| Source of heading or term | Sea stories |
| 700 ## - ADDED ENTRY--PERSONAL NAME | |
| Relator code | Hodges, C. Walter |
| 942 ## - ADDED ENTRY ELEMENTS (KOHA) | |
| Source of classification or shelving scheme | Dewey Decimal Classification |
| Koha item type | Books |
| Withdrawn status | Lost status | Source of classification or shelving scheme | Damaged status | Not for loan | Home library | Current library | Shelving location | Date acquired | Total Checkouts | Full call number | Barcode | Date last seen | Copy number | Price effective from | Koha item type |
|---|---|---|---|---|---|---|---|---|---|---|---|---|---|---|---|
| Dewey Decimal Classification | JCC Rouf Library | JCC Rouf Library | General Stacks | 10/24/2017 | 823.912 SMI 1958 | 14618 | 10/24/2019 | C-1 | 10/24/2019 | Books |